The Seven Wonders of the World (Record no. 259640)

000 -LEADER
fixed length control field 00215 a2200097 4500
001 - CONTROL NUMBER
control field 24567
090 ## - LOCALLY ASSIGNED LC-TYPE CALL NUMBER (OCLC); LOCAL CALL NUMBER (RLIN)
-- 16617
-- 16617
100 ## - MAIN ENTRY--PERSONAL NAME
Personal name Muller, A
245 ## - TITLE STATEMENT
Title The Seven Wonders of the World
260 ## - PUBLICATION, DISTRIBUTION, ETC.
Place of publication, distribution, etc.
Name of publisher, distributor, etc. Weidenfeld
Date of publication, distribution, etc. 1969
942 ## - ADDED ENTRY ELEMENTS (KOHA)
Institution code [OBSOLETE] NUST-CAE
Koha item type
--
Holdings
Withdrawn status Lost status Damaged status Not for loan Collection code Permanent Location Current Location Date acquired Total Checkouts Barcode Date last seen Price effective from Koha item type
          College of Aeronautical Engineering (CAE) College of Aeronautical Engineering (CAE) 04/03/2017   CAE17680 04/05/2017 04/05/2017 Book
© 2023 Central Library, National University of Sciences and Technology. All Rights Reserved.